| 000 | nam a22 7a 4500 | ||
|---|---|---|---|
| 999 |
_c24376 _d24376 |
||
| 008 | 170128b xxu||||| |||| 00| 0 eng d | ||
| 050 | _aNC760 .B35 1953 | ||
| 100 | _aBarrington,John S. | ||
| 245 |
_aAnthropometry and anatomy. / _cJohn S Barrington |
||
| 260 |
_aLondon : _b Encyclopaedic Press, _c[1953] |
||
| 300 |
_a111p. : _bill. ; _c32cm. |
||
| 650 | _a Anatomy, Artistic. | ||
| 942 |
_2lcc _cBOOKS _hNC760 .B35 1953 |
||